Estadísticas para Discos de Charly García

Haz click aquí para intentar la prueba.

Estadísticas generales

  • Esta prueba ha sido intentada 201 veces
  • La puntuación promedio es 16 de 24

Estadísticas de respuestas

AñoBandaÁlbum% Correcto
1983SolistaClics modernos
94%
1981Serú GiránPeperina
89%
1984SolistaPiano Bar
86%
1979Serú GiránLa grasa de las capitales
84%
1986García / AznarTango
83%
1978Serú GiránSerú Girán
82%
1972Sui GenerisVida
82%
1980Serú GiránBicicleta
77%
1982SolistaYendo de la cama al living
77%
1976La máquina de hacer pájarosGarcía y la máquina de hacer pájaros
76%
1989SolistaCómo conseguir chicas
74%
1996SolistaSay no more
71%
1991García / AznarTango 4
70%
1987SolistaParte de la religión
68%
1973Sui GenerisConfesiones de Invierno
65%
1974Sui GenerisPequeñas Anécdotas sobre las instituciones
65%
1977La máquina de hacer pájarosPelículas
62%
2002SolistaInfluencia
61%
1990SolistaFilosofía barata y zapatos de goma
60%
1998SolistaEl aguante
53%
1992Serú GiránSerú '92
47%
2010SolistaKill Gil
46%
2003SolistaRock and roll yo
42%
2000Sui GenerisSinfonías para adolescentes
33%

Distribución de puntuación

Porcentaje por número respondido

Porcentaje de gente con cada puntuación

Historial de tus puntuaciones

No has intentado esta prueba.